| Tag |
First Indicator |
Second Indicator |
Subfields |
| LEADER |
00000nam a2200000 i 4500 |
| 001 |
in00004355413 |
| 005 |
20201209124819.0 |
| 006 |
m o d f |
| 007 |
cr b|||||||||| |
| 008 |
201113s2020 vauab ob f000 0 eng d |
| 035 |
|
|
|a (OCoLC)on1206357362
|
| 043 |
|
|
|a n-us-ca
|
| 040 |
|
|
|a GPO
|b eng
|e rda
|e pn
|c GPO
|d MvI
|
| 049 |
|
|
|a WWW
|
| 074 |
|
|
|a 0624-H (online)
|
| 086 |
0 |
|
|a I 19.76:2020-1115
|
| 100 |
1 |
|
|a Yee, Julie L.,
|e author.
|
| 245 |
1 |
0 |
|a Southern (California) sea otter population status and trends at San Nicolas Island, 2017-2020 /
|c by Julie L. Yee [and six others] ; Wildlife Program ; prepared in cooperation with the U.S. Fish and Wildlife Service and the U.S. Navy.
|
| 264 |
|
1 |
|a Reston, Virginia :
|b U.S. Department of the Interior, U.S. Geological Survey,
|c 2020.
|
| 300 |
|
|
|a 1 online resource (vii, 38 pages) :
|b illustrations (chiefly color), color maps.
|
| 336 |
|
|
|a text
|b txt
|2 rdacontent
|
| 337 |
|
|
|a computer
|b c
|2 rdamedia
|
| 338 |
|
|
|a online resource
|b cr
|2 rdacarrier
|
| 490 |
1 |
|
|a Open-file report ;
|v 2020-1115
|
| 504 |
|
|
|a Includes bibliographical references (page 36).
|
| 588 |
|
|
|a Description based on online resource, PDF version; title from title page (USGS, viewed November 12, 2020).
|
| 650 |
|
0 |
|a Sea otter populations
|z California
|z San Nicolas Island.
|
| 650 |
|
0 |
|a Sea otter
|x Monitoring
|z California
|z San Nicolas Island.
|
| 710 |
2 |
|
|a Geological Survey (U.S.),
|e issuing body.
|
| 710 |
2 |
|
|a U.S. Fish and Wildlife Service.
|
| 710 |
1 |
|
|a United States.
|b Navy.
|
| 830 |
|
0 |
|a U.S. Geological Survey open-file report ;
|v 2020-1115.
|
| 856 |
4 |
0 |
|u https://purl.fdlp.gov/GPO/gpo146898
|t 0
|
| 999 |
f |
f |
|s 80d37c48-665d-30bd-8661-6805aa3a5919
|i 2cd015d4-7074-3295-b816-7cc821493a90
|t 0
|
| 952 |
f |
f |
|a Texas A&M University
|b College Station
|c Electronic Resources
|d Available Online
|t 0
|e I 19.76:2020-1115
|h Superintendent of Documents classification
|
| 998 |
f |
f |
|a I 19.76:2020-1115
|t 0
|l Available Online
|